000 00463nam a2200181Ia 4500
008 170203s9999 xx 000 0 und d
020 _a9789719912019
050 _a378.166
050 _b.C697 2012
245 _aCollege Entrance Test Reviewer :
245 _bLanguages Filipino /
245 _cLoyola Student Center.
260 _aQuezon City :
260 _bLoyola Heights Student Center
260 _c2012
300 _a48 pages :
300 _c27 cm.
999 _c305448
_d305448